| 000 | 00321cam a2200109I 4500 | ||
|---|---|---|---|
| 040 | _cFUG | ||
| 082 | _aEDI PUB 1996 C096 Or. | ||
| 110 | 1 | _aGreat Britain. | |
| 245 | 1 | 0 |
_aPublished by ; _bConferece Secretarat of the Global Agricural Science poliy for the Twenty-first Century. |
| 300 |
_a58 pages ; _c22 cm |
||
| 942 | _cAEDBB | ||
| 999 |
_c22351 _d22351 |
||